000 00712nam a2200217 a 4500
999 _c4593
_d4593
001 4593
003 BD-JhCC
005 20171128191248.0
008 171128s1967 bg |||| ||a| 000 0 ben d
035 _a(BD-JhCC)4593
040 _aBD-JhCC
_dBD-JhCC
041 _aben
082 _a954.92
_bWAL 1967
100 _aওয়ালিউল্লাহ, মোহম্মদ
245 _aআমাদের মুক্তি-সংগ্রাম /
_cমোহম্মদ ওয়ালিউল্লাহ,
260 _aঢাকা :
_bনওরোজ কিতাবিস্তান,
_c1967.
300 _a384 p. :
_c22 cm.
650 _aLiberation War, 1971
942 _2ddc
_cBK